Reformas económicas, crecimiento y empleo : (Record no. 5185)

MARC details
000 -LEADER
fixed length control field 00768nam a22002297a 4500
003 - CONTROL NUMBER IDENTIFIER
control field AR-FvUNAJ
005 - DATE AND TIME OF LATEST TRANSACTION
control field 20251204145223.0
008 - FIXED-LENGTH DATA ELEMENTS--GENERAL INFORMATION
fixed length control field 200207b ||||| |||| 00| 0 spa d
020 ## - INTERNATIONAL STANDARD BOOK NUMBER
International Standard Book Number 956-289-023-6
040 ## - CATALOGING SOURCE
Transcribing agency AR-FvUNAJ
082 ## - DEWEY DECIMAL CLASSIFICATION NUMBER
Edition number 14
Classification number 331.1
100 1# - MAIN ENTRY--PERSONAL NAME
9 (RLIN) 5425
Personal name Weller, Jürgen
245 10 - TITLE STATEMENT
Title Reformas económicas, crecimiento y empleo :
Remainder of title los mercados de trabajo en Amèrica Latina y el Caribe /
Statement of responsibility, etc Jürgen Weller
260 ## - PUBLICATION, DISTRIBUTION, ETC. (IMPRINT)
Place of publication, distribution, etc Chile :
Name of publisher, distributor, etc Fondo de Cultura Económica,
Date of publication, distribution, etc 2000
300 ## - PHYSICAL DESCRIPTION
Extent 261 p.
440 ## - SERIES STATEMENT/ADDED ENTRY--TITLE
9 (RLIN) 8685
Title Sección Obras de Economía Contemporánea
650 27 - SUBJECT ADDED ENTRY--TOPICAL TERM
Source of heading or term unescot
9 (RLIN) 669
Topical term or geographic name as entry element EMPLEO
650 24 - SUBJECT ADDED ENTRY--TOPICAL TERM
9 (RLIN) 1295
Topical term or geographic name as entry element MERCADO DE TRABAJO
650 27 - SUBJECT ADDED ENTRY--TOPICAL TERM
Source of heading or term unescot
9 (RLIN) 3366
Topical term or geographic name as entry element ECONOMÍA DEL TRABAJO
650 20 - SUBJECT ADDED ENTRY--TOPICAL TERM
9 (RLIN) 1306
Topical term or geographic name as entry element LEGISLACIÓN
Chronological subdivision 1980 - 1990
942 ## - ADDED ENTRY ELEMENTS (KOHA)
Source of classification or shelving scheme Dewey Decimal Classification
Koha item type Libro, folleto, traducción
980 ## - EQUIVALENCE OR CROSS-REFERENCE-SERIES STATEMENT--PERSONAL NAME/TITLE [LOCAL, CANADA]
Field link and sequence number 2
Miscellaneous information Virginia Figueroa
Holdings
Withdrawn status Lost status Source of classification or shelving scheme Damaged status Not for loan Home library Current library Date acquired Source of acquisition Total Checkouts Full call number Barcode Date last seen Date checked out Price effective from Koha item type
    Dewey Decimal Classification     Biblioteca Central Biblioteca Central 07/02/2020 Donación 1 331.1 WEL UNAJ20020045 17/03/2025 01/07/2024 07/02/2020 Libro, folleto, traducción

Lunes a Viernes 8:30 a 19:00 hs. Cerrado por mudanza
Av.Calchaqui 6200 Florencio Varela (CP188) 2°piso Edificio Mosconi Aula 209-210
Mail: bibliotecacentralunaj@gmail.com  
Whatsapp(54 9)1122668024    ❔Pregunte a la bibliotecaria
© Universidad Nacional Arturo Jauretche | Secretaría Académica | Biblioteca Central UNAJ